Evoluciones constructivas (Record no. 126992)

MARC details
000 -LEADER
campo de control de longitud fija 00897nam a2200217 i 4500
001 - NÚMERO DE CONTROL
campo de control 126992
003 - IDENTIFICADOR DE NÚMERO DE CONTROL
campo de control ES-MaACL
005 - FECHA Y HORA DE LA ÚLTIMA TRANSACCIÓN
campo de control 20251114135558.0
007 - CAMPO FIJO DE DESCRIPCIÓN FÍSICA--INFORMACIÓN GENERAL
campo de control de longitud fija t|
008 - DATOS DE LONGITUD FIJA--INFORMACIÓN GENERAL
campo de control de longitud fija 070214s1925 sp r ||||1| spa d
100 1# - ENTRADA PRINCIPAL--NOMBRE DE PERSONA
Nombre de persona Ribera, José Eugenio,
Fechas asociadas al nombre 1864-1936
9 (RLIN) 96777
245 10 - MENCIÓN DEL TÍTULO
Título Evoluciones constructivas
Resto del título : el hormigon armado : conferencias pronunciadas los días 10 y 12 de Febrero de 1925 en la Exposición de la Construcción y de la Habitación /
Mención de responsabilidad, etc. por ... José Eugenio Ribera y Alfonso Peña Boeuf.
260 ## - PUBLICACIÓN, DISTRIBUCIÓN, ETC.
Lugar de publicación, distribución, etc. Madrid :
Nombre del editor, distribuidor, etc. Voluntad,
Fecha de publicación, distribución, etc. 1925.
300 ## - DESCRIPCIÓN FÍSICA
Extensión 28 p. ;
Dimensiones 21 x 15 cm.
500 ## - NOTA GENERAL
Nota general Precede al tít.: Revista de Obras Públicas.
650 #4 - PUNTO DE ACCESO ADICIONAL DE MATERIA--TÉRMINO DE MATERIA
Término de materia o nombre geográfico como elemento de entrada Hormigón armado.
9 (RLIN) 155789
700 1# - ENTRADA AGREGADA--NOMBRE PERSONAL
Nombre de persona Peña Boeuf, Alfonso,
Fechas asociadas al nombre 1888-1966
9 (RLIN) 90253
711 2# - ENTRADA AGREGADA--NOMBRE DE REUNIÓN
Nombre de congreso/reunión o jurisdicción como elemento de entrada Exposición de la Construcción y de la Habitación (
Fecha del congreso o de la firma del tratado 1925)
9 (RLIN) 673
852 ## - LOCALIZACIÓN
Ubicación ES-MaACL
Número de control de estantería 1680-F-22
Holdings
Estatus retirado Estado de pérdida Estado de daño No para préstamo Colección Biblioteca de origen Biblioteca actual Ubicación en estantería Fecha de adquisición Fuente de adquisición Total de préstamos Signatura topográfica completa Código de barras Visto por última vez Precio de reemplazo Tipo de ítem Koha
        Colección de folletos Biblioteca del Ateneo de Madrid Biblioteca del Ateneo de Madrid Depósito folletos 17/01/2008     1680-F-22 1132269 23/02/2023 23/02/2023 Folleto